MARC details
| 000 -LEADER |
| fixed length control field |
01518cam a2200445 a 4500 |
| 001 - CONTROL NUMBER |
| control field |
6317 |
| 003 - CONTROL NUMBER IDENTIFIER |
| control field |
BD-DhEWU |
| 005 - DATE AND TIME OF LATEST TRANSACTION |
| control field |
20181108172850.0 |
| 008 - FIXED-LENGTH DATA ELEMENTS--GENERAL INFORMATION |
| fixed length control field |
040326r2005 enka g b 001 0 eng d |
| 020 ## - INTERNATIONAL STANDARD BOOK NUMBER |
| International Standard Book Number |
0415328535 (hb) |
|
| International Standard Book Number |
0415328543 (pb) |
| 035 ## - SYSTEM CONTROL NUMBER |
| System control number |
(OCoLC)865218065 |
| 040 ## - CATALOGING SOURCE |
| Original cataloging agency |
DLC |
| Transcribing agency |
DLC |
| Modifying agency |
DLC |
| -- |
BD-DhEWU |
| Language of cataloging |
eng |
| 041 ## - LANGUAGE CODE |
| Language code of text/sound track or separate title |
eng |
| 050 00 - LIBRARY OF CONGRESS CALL NUMBER |
| Classification number |
TK5105.888 |
| Item number |
.B62 2005 |
| 082 04 - DEWEY DECIMAL CLASSIFICATION NUMBER |
| Classification number |
025.04014 |
| Item number |
BOL 2005 |
| 084 ## - OTHER CLASSIFICATION NUMBER |
| Classification number |
17.21 |
| Source of number |
bcl |
|
| Classification number |
18.04 |
| Source of number |
bcl |
| 100 1# - MAIN ENTRY--PERSONAL NAME |
| Personal name |
Boardman, Mark, |
| 9 (RLIN) |
3314 |
| 245 14 - TITLE STATEMENT |
| Title |
The language of websites / |
| Statement of responsibility, etc |
Mark Boardman. |
| 260 ## - PUBLICATION, DISTRIBUTION, ETC. (IMPRINT) |
| Place of publication, distribution, etc |
London ; |
| -- |
New York : |
| Name of publisher, distributor, etc |
Routledge, |
| Date of publication, distribution, etc |
2005. |
| 300 ## - PHYSICAL DESCRIPTION |
| Extent |
xiii, 117 p. : |
| Other physical details |
ill. ; |
| Dimensions |
27 cm. |
| 490 #0 - SERIES STATEMENT |
| Series statement |
The intertext series |
| 504 ## - BIBLIOGRAPHY, ETC. NOTE |
| Bibliography, etc |
Includes bibliographical references (p. 95-97) and index. |
| 526 ## - STUDY PROGRAM INFORMATION NOTE |
| Program name |
CSE |
| 590 ## - LOCAL NOTE (RLIN) |
| Local note |
Sagar Shahanawaz |
| 650 #0 - SUBJECT ADDED ENTRY--TOPICAL TERM |
| Topical term or geographic name as entry element |
Web sites. |
| 9 (RLIN) |
3315 |
|
| Topical term or geographic name as entry element |
World Wide Web. |
| 9 (RLIN) |
3316 |
|
| Topical term or geographic name as entry element |
English language |
| General subdivision |
Usage. |
| 9 (RLIN) |
3317 |
| 830 #0 - SERIES ADDED ENTRY--UNIFORM TITLE |
| Uniform title |
Intertext (London, England) |
| 9 (RLIN) |
3318 |
| 856 41 - ELECTRONIC LOCATION AND ACCESS |
| Materials specified |
Table of contents |
| Uniform Resource Identifier |
http://www.loc.gov/catdir/toc/ecip0416/2004007127.html |
|
| Materials specified |
Publisher description |
| Uniform Resource Identifier |
http://www.loc.gov/catdir/enhancements/fy0651/2004007127-d.html |
|
| Materials specified |
WorldCat details |
| Uniform Resource Identifier |
http://www.worldcat.org/title/language-of-websites/oclc/865218065&referer=brief_results |
|
| Materials specified |
E-book Fulltext |
| Uniform Resource Identifier |
http://lib.ewubd.edu/ebook/6317 |
| 942 ## - ADDED ENTRY ELEMENTS (KOHA) |
| Source of classification or shelving scheme |
Dewey Decimal Classification |
| Koha item type |
Text |